1451 1605 1902 1848 1735 1147 1722 1124 1517 1130 1971 1645 1876 1941 1981 1054 1454 1450 1062 1898 1008 1063 1494 1707 1144 1896 1674 1178 1192 1285 1814 1604 1999 1623 1353 1859 1566 1091 1109 1070 1635 1369 1506 1859 1667 1872 1483 1747 1530 1543 1891 1244 1323 1516 1133 1685 1553 1077 1601 1758 1079 1748 1105 1043 1864 1518 1988 1210 1097 1742 1313 1999 1481 1926 1012 1349 1313 1654 1591 1053 1284 1209 1334 1582 1145 1662 1750 1326 1737 1312 1936 1841 1758 1666 1192 1804 1291 1749 1431 BCNSPRNW ULIB Ver.6.0+V

เปลี่ยนเป็นภาษาไทย

Change to English
 แสดงรายละเอียดบรรณานุกรม
  กลับหน้าหลัก

Brief Record : Get Marc (ISO 2709) : E-mail record : QR code < ปิดหน้าต่าง
LEADER : 00000nam 2200000uu 4500
001    13399113853
003     ULIB
008    120110s||||||||th 000 0 tha d
099    วจ.HV5740^bว654ค
100 0  วิภารัตน์ สุวรรณไวพัฒนะ
245 00 ความรู้และทัศนคติของผู้สูบบุหรี่ในการป้องกันการสัมผัสควันบุหรี่มือสองของสมาชิกในครอบครัวในชุมชนหนองตะครอง อำเภอขามทะเลสอ จังหวัดนครราชสีมา/^cวิภารัตน์ สุวรรณไวพัฒนะ ,น้ำฝน ไวทยวงศ์กร และ วิรุฬจิตรา อุ่นจางวาง
260    นครราชสีมา :^bวิทยาลัยพยาบาลบรมราชชนนี นครราชสีมา,^c2554
300    43 หน้า :^bตาราง
500    รายงานการวิจัย
650  7 การสูบบุหรี่^xวิจัย
650  7 บุหรี่^xวิจัย
700 02 น้ำฝน ไวทยวงศ์กร
700 02 วิรุฬจิตรา อุ่นจางวาง
710 1  วิทยาลัยพยาบาลบรมราชชนนี นครราชสีมา
945    ^p0^l0^i030921
995    ทศพร
999 ^a ทศพร
รายการนี้ยังไม่มีแท็ก
คุณยังไม่ได้ล็อกอิน คุณสามารถมีกิจกรรมร่วมกับเว็บไซต์ได้ แต่ต้องล็อกอินก่อน ::
  ล็อกอิน

รายการสื่อสารสนเทศ

ลำดับที่ ประเภท เลขเรียก/บาร์โค้ด สถานที่ สถานะ
1. งานวิจัย
งานวิจัย
วจ.HV5740 ว654ค ฉ.1 
  Barcode: 030921
ห้องสมุดวิทยาเขตสวรรค์ประชารักษ์
►วิจัย
บนชั้น

รายการใกล้เคียง
    ผู้แต่ง [วิภารัตน์ สุวรรณไวพัฒนะ]

BibComment


ยังไม่เคยถูกคอมเมนท์

คอมเมนท์ทรัพยากรรายการนี้
  คอมเมนท์: ความรู้และทัศนคติ..


 Copyright 2026. Bcnsprnw @Library